Score 0/12 Timer 02:00
0 Plays Today
Movie title Missing word % Correct
Pretty _____ (1990)Woman
98.3%
____, Interrupted (1999)Girl
94.9%
The Iron ____ (2011)Lady
92%
___ Wore a Yellow Ribbon (1949)She
90.8%
Single White ______ (1992)Female
86.6%
___ Miniver (1942)Mrs.
74.8%
A ______ in Distress (1937)Damsel
58%
____ Sloane (2016)Miss
55.5%
Sin City: A ______ to Kill For (2014)Dame
43.1%
Call Me _____ (1953)Madam
35.4%
Death and the ______ (1994)Maiden
32.6%
Bella _____ (1923)Donna
31.6%

Today's Daily Dose

Remove Ads.
Support Sporcle.
Get the best of Sporcle when you Go Orange. This ad-free experience offers more features, more stats, and more fun while also helping to support Sporcle. Thank you for becoming a member.

You're not logged in!

Compare scores with friends on all Sporcle quizzes.
OR
Log In

Show Comments

Extras

Top Quizzes Today


Score Distribution

Your Account Isn't Verified!

In order to create a playlist on Sporcle, you need to verify the email address you used during registration. Go to your Sporcle Settings to finish the process.

Report this User

Report this user for behavior that violates our Community Guidelines.

Details: